000 00315 a2200157 4500
001 180056
020 _a
040 _cMagnum
100 _aCapelli, Alba
240 1 0 _aO corvo e a raposa
_lpor
245 1 0 _aO corvo e a raposa
362 0 _a1899
440 1 _aFTD
697 _aMAGNITO: I/GERAL
942 _cBK
999 _c180056
_d180056